000 00541nam a2200193Ia 4500
005 20250326141052.0
008 250326s9999 xx 000 0 und d
020 _a0-87692-746-0
037 _aTextbook
040 _aFMSL
_beng
_cFMSL
041 _aeng
_2eng
084 _aX:71 N0
_qFMSL
100 _aKreps D.m.
_9743114
245 0 _aCourse of microeconomics theory .
_cKreps D.m.
260 _aNew Delhi
_bNew Delhi, Prentice Hall of India.
_c1990
300 _a857p
942 _cTB
_hX:71 N0
999 _c1288556
_d1288556